000 01181nam a2200301Ia 4500
001 ebr10447256
003 CaPaEBR
006 m u
007 cr cn|||||||||
008 090711s2009 orua sb 000 0 eng d
010 _z 2009929072
020 _z9780974288475
020 _z9781936900053 (ebook)
040 _aCaPaEBR
_cCaPaEBR
035 _a(OCoLC)705344857
050 1 4 _aJC328.3
_b.T45 2009eb
245 0 0 _aThis country must change
_h[electronic resource] :
_bessays on the necessity of revolution in the USA /
_cCraig Rosebraugh, contributing editor.
260 _aPortland, OR :
_bArissa Media Group,
_c2009.
300 _a231 p. :
_bill.
504 _aIncludes bibliographical references.
533 _aElectronic reproduction.
_bPalo Alto, Calif. :
_cebrary,
_d2011.
_nAvailable via World Wide Web.
_nAccess may be limited to ebrary affiliated libraries.
650 0 _aDissenters.
650 0 _aRevolutionaries.
655 7 _aElectronic books.
_2local
700 1 _aRosebraugh, Craig.
710 2 _aebrary, Inc.
856 4 0 _uhttp://site.ebrary.com/lib/rucke/Doc?id=10447256
_zAn electronic book accessible through the World Wide Web; click to view
999 _c136788
_d136788